000 00482nam a2200193Ia 4500
005 20260429112121.0
008 260429s9999||||xx |||||||||||||| ||und||
020 _a9788126545889
041 _aEnglish
082 _a543.66
_bKEE
100 _aKeeler, James
245 0 _aUnderstanding NMR spectroscopy /
_cJames Keeler
250 _a2nd ed.
260 _aNew Delhi :
_bWiley,
_c2025.
300 _avi, 511 p.; pbk
650 _a NMR
650 _aSpectroscopy
942 _cTB
999 _c52435
_d52435